| 000 -CABECERA |
| Longitud fija campo de control |
00748nam a2200205 a 4500 |
| 001 - NÚMERO DE CONTROL |
| Número de control |
2708 |
| 003 - IDENTIFICADOR DEL NÚMERO DE CONTROL |
| Identificador del número de control |
CDMR |
| 005 - FECHA Y HORA DE LA ÚLTIMA TRANSACCIÓN |
| Fecha y hora de la última transacción |
20151030104202.0 |
| 008 - CÓDIGOS DE INFORMACIÓN DE LONGITUD FIJA |
| Códigos de información de longitud fija |
130130s1974||||sp |||||||||||||||||||||d |
| 040 ## - FUENTE DE LA CATALOGACIÓN |
| Centro catalogador de origen |
CDMR |
| Lengua de catalogación |
cat |
| Centro transcriptor |
CDMR |
| 245 03 - MENCIÓN DE TÍTULO |
| Título |
La comunicación en la gran ciudad |
| 260 ## - PUBLICACIÓN, DISTRIBUCIÓN, ETC. (PIE DE IMPRENTA) |
| Lugar de publicación, distribución, etc. |
Barcelona |
| Nombre del editor, distribuidor, etc. |
Diputación Provincial de Barcelona. Sección de prensa, información y ediciones |
| Fecha de publicación, distribución, etc. |
1974 |
| 300 ## - DESCRIPCIÓN FÍSICA |
| Extensión |
254 p. |
| 490 ## - MENCIÓN DE SERIE |
| Mención de serie |
Revista del Instituto de Ciencias Sociales |
| Designación de volumen o secuencia |
24 |
| 650 04 - PUNTO DE ACCESO ADICIONAL DE MATERIA - TÉRMINO DE MATERIA |
| 9 (RLIN) |
3775 |
| Término de materia o nombre geográfico como elemento inicial |
Sociologia urbana |
| 650 04 - PUNTO DE ACCESO ADICIONAL DE MATERIA - TÉRMINO DE MATERIA |
| 9 (RLIN) |
2803 |
| Término de materia o nombre geográfico como elemento inicial |
Mitjans de comunicació de massa locals |
| Subdivisión de materia general |
Aspectes sociològics |
| 650 04 - PUNTO DE ACCESO ADICIONAL DE MATERIA - TÉRMINO DE MATERIA |
| 9 (RLIN) |
388 |
| Término de materia o nombre geográfico como elemento inicial |
Comunicació humana |
| 710 1# - PUNTO DE ACCESO ADICIONAL - NOMBRE DE ENTIDAD |
| 9 (RLIN) |
3774 |
| Nombre de entidad o nombre de jurisdicción como elemento inicial |
Barcelona |
| Unidad subordinada |
-- Diputación Provincial |
| -- |
Revista del Instituto de Ciencias Sociales |
| 942 ## - ENTRADA DE ELEMENTOS AGREGADOS (KOHA) |
| Koha [por defecto] tipo de item |
Monografies |
| Fuente de clasificaión o esquema |
|